<?xml version="1.0" encoding="UTF-8"?>
<record
    xmlns:xsi="http://www.w3.org/2001/XMLSchema-instance"
    xsi:schemaLocation="http://www.loc.gov/MARC21/slim http://www.loc.gov/standards/marcxml/schema/MARC21slim.xsd"
    xmlns="http://www.loc.gov/MARC21/slim">

  <leader>00321nam a2200133Ia 4500</leader>
  <controlfield tag="008">191201s2018    xx            000 0 und d</controlfield>
  <datafield tag="082" ind1=" " ind2=" ">
    <subfield code="a">615.19 MEP</subfield>
  </datafield>
  <datafield tag="100" ind1=" " ind2=" ">
    <subfield code="a">MEHTA,R.M</subfield>
  </datafield>
  <datafield tag="245" ind1=" " ind2="0">
    <subfield code="a">Pharmaceutics-II</subfield>
  </datafield>
  <datafield tag="260" ind1=" " ind2=" ">
    <subfield code="b">Vallabh Prakashan</subfield>
    <subfield code="a">New Delhi</subfield>
    <subfield code="c">2018</subfield>
  </datafield>
  <datafield tag="300" ind1=" " ind2=" ">
    <subfield code="a">312</subfield>
  </datafield>
  <datafield tag="650" ind1=" " ind2=" ">
    <subfield code="a">Pharmaceutics - 4</subfield>
  </datafield>
  <datafield tag="942" ind1=" " ind2=" ">
    <subfield code="2">ddc</subfield>
    <subfield code="c">BK</subfield>
  </datafield>
  <datafield tag="999" ind1=" " ind2=" ">
    <subfield code="c">8251</subfield>
    <subfield code="d">8251</subfield>
  </datafield>
  <datafield tag="952" ind1=" " ind2=" ">
    <subfield code="0">0</subfield>
    <subfield code="1">0</subfield>
    <subfield code="2">ddc</subfield>
    <subfield code="4">0</subfield>
    <subfield code="7">0</subfield>
    <subfield code="8">DP</subfield>
    <subfield code="a">PIET</subfield>
    <subfield code="b">PIET</subfield>
    <subfield code="d">2019-03-26</subfield>
    <subfield code="e">Kirti Prakashan</subfield>
    <subfield code="g">210.00</subfield>
    <subfield code="k">IN 3091</subfield>
    <subfield code="l">25</subfield>
    <subfield code="p">DP215</subfield>
    <subfield code="r">2024-07-22 00:00:00</subfield>
    <subfield code="s">2024-07-05</subfield>
    <subfield code="v">170.10</subfield>
    <subfield code="w">2019-03-12</subfield>
    <subfield code="y">BK</subfield>
  </datafield>
  <datafield tag="952" ind1=" " ind2=" ">
    <subfield code="0">0</subfield>
    <subfield code="1">0</subfield>
    <subfield code="2">ddc</subfield>
    <subfield code="4">0</subfield>
    <subfield code="7">0</subfield>
    <subfield code="8">DP</subfield>
    <subfield code="a">PIET</subfield>
    <subfield code="b">PIET</subfield>
    <subfield code="d">2019-03-26</subfield>
    <subfield code="e">Kirti Prakashan</subfield>
    <subfield code="g">210.00</subfield>
    <subfield code="k">IN 3091</subfield>
    <subfield code="l">7</subfield>
    <subfield code="p">DP216</subfield>
    <subfield code="r">2022-06-03 00:00:00</subfield>
    <subfield code="s">2022-01-03</subfield>
    <subfield code="v">170.10</subfield>
    <subfield code="w">2019-03-12</subfield>
    <subfield code="y">REF</subfield>
  </datafield>
  <datafield tag="952" ind1=" " ind2=" ">
    <subfield code="0">0</subfield>
    <subfield code="1">0</subfield>
    <subfield code="2">ddc</subfield>
    <subfield code="4">0</subfield>
    <subfield code="7">0</subfield>
    <subfield code="8">DP</subfield>
    <subfield code="a">PIET</subfield>
    <subfield code="b">PIET</subfield>
    <subfield code="d">2019-03-26</subfield>
    <subfield code="e">Kirti Prakashan</subfield>
    <subfield code="g">210.00</subfield>
    <subfield code="k">IN 3091</subfield>
    <subfield code="l">32</subfield>
    <subfield code="p">DP217</subfield>
    <subfield code="r">2025-06-16 00:00:00</subfield>
    <subfield code="s">2025-06-10</subfield>
    <subfield code="v">170.10</subfield>
    <subfield code="w">2019-03-12</subfield>
    <subfield code="y">BK</subfield>
  </datafield>
  <datafield tag="952" ind1=" " ind2=" ">
    <subfield code="0">0</subfield>
    <subfield code="1">0</subfield>
    <subfield code="2">ddc</subfield>
    <subfield code="4">0</subfield>
    <subfield code="7">0</subfield>
    <subfield code="8">DP</subfield>
    <subfield code="a">PIET</subfield>
    <subfield code="b">PIET</subfield>
    <subfield code="d">2019-03-26</subfield>
    <subfield code="e">Kirti Prakashan</subfield>
    <subfield code="g">210.00</subfield>
    <subfield code="k">IN 3091</subfield>
    <subfield code="l">2</subfield>
    <subfield code="p">DP218</subfield>
    <subfield code="q">2020-09-07</subfield>
    <subfield code="r">2020-08-24 00:00:00</subfield>
    <subfield code="s">2020-08-24</subfield>
    <subfield code="v">170.10</subfield>
    <subfield code="w">2019-03-12</subfield>
    <subfield code="y">BK</subfield>
  </datafield>
</record>
